000 00513nmm a2200169Ia 4500
008 251105s9999||||xx |||||||||||||||||und||
020 _a9788499400839
041 _aspa
100 _aCervantes Saavedra, Miguel de
245 0 _aLa gran sultana Doña Catalina de Oviedo
264 _a[Madrid, España] :
_bBiblioteca Nueva,
_c2010
300 _a392 páginas
490 _aClásicos de Biblioteca Nueva
650 _aSpanish narrative
856 _uhttps://public.digitaliapublishing.com/a/6137
942 _cCF
999 _c92570
_d92570